000 00950nam a22002657a 4500
999 _c65412
_d65412
005 20240530110823.0
008 190725s2019 ua g b 000 0 ara d
017 _a2018/15175
_bمصر. دار الكتب
020 _a9789778123449
040 _aEG-CaGPL
_cEG-CaGPL
082 _221
_a327.1/
_bج م
100 0 _aجهاد عودة
245 1 0 _aمدخل لمناهج العلاقات الدولية /
_cجهاد عودة
250 _aط.1
260 _aالقاهرة :
_bالمكتب العربى للمعارف،
_c2019.
300 _a603 ص. ؛
_c24 سم.
504 _aيشتمل على ارجاعات ببليوجرافية
650 0 7 _2qrmak
_aالعلاقات الخارجية
650 0 7 _2qrmak
_aالسياسة الدولية
650 0 7 _2qrmak
_aالاحوال السياسية
650 0 7 _2qrmak
_aالمنظمات الدولية
651 _2qrmak
942 _2ddc
_cBK